000 00526 a2200157 4500
003 Nust
005 20221206105322.0
040 _cNust
082 _a184,LEO
100 _aPhilp Leon
_9104197
245 _aPlato /
_cPhilp Leon
260 _aNew yourk
_bThoman Nelson
_c1940
300 _a147p;
505 _aLife and Work (Page-7), Predecessors in Philosophy (Page-7), Metaphysic –Ethic (Page-55), Political Philosophy (Page-75), The Greek City State (Page-105), Plato and Christ (Page-116).
942 _2ddc
_cBK
_k184,LEO
999 _c193872
_d193872